Нефтегазоносные провинции СССР: справочник

Dettagli Bibliografici
Altri autori: Дикенштейн Г. Х. (редактор)
Lingua:russo
Pubblicazione: Москва, Недра, 1983
Edizione:2-е изд., перераб. и доп.
Soggetti:
Natura: Libro
KOHA link:https://koha.lib.tpu.ru/cgi-bin/koha/opac-detail.pl?biblionumber=35237

MARC

LEADER 00000nam0a2200000 4500
001 35237
005 20231030232930.0
035 |a (RuTPU)RU\TPU\book\35661 
035 |a BOOK00002313 
090 |a 35237 
100 |a 20011210d1983 k y0rusy50 ca 
101 0 |a rus 
102 |a RU 
105 |a y g 000zy 
200 1 |a Нефтегазоносные провинции СССР  |e справочник  |f под ред. Г. Х. Дикенштейна 
205 |a 2-е изд., перераб. и доп. 
210 |a Москва  |c Недра  |d 1983 
215 |a 270 с. 
610 1 |a геология 
610 1 |a нефтяная промышленность 
610 1 |a газовая промышленность 
610 1 |a нефтегазоносные провинции 
610 1 |a справочники 
675 |a 553.98(С)(035)  |v 3 
702 1 |a Дикенштейн  |b Г. Х.  |4 340 
801 0 |a RU  |b 63413507  |c 20011210  |g PSBO 
801 2 |a RU  |b 63413507  |c 20200904  |g PSBO 
900 |a Нефтегазопромысловые провинции 
942 |c BK